Welcome to the Holygrace Academy Library

Please use search bar below to get started

A FLAME OF LEARNING (Record no. 5307)

MARC details
000 -LEADER
fixed length control field 00195nam a22000977a 4500
082 ## - DEWEY DECIMAL CLASSIFICATION NUMBER
Classification number 100
Item number KRI/F
245 ## - TITLE STATEMENT
Title A FLAME OF LEARNING
300 ## - PHYSICAL DESCRIPTION
Number of Pages 205
650 ## - SUBJECT ADDED ENTRY--TOPICAL TERM
Topical Term PERSONALITY DEVELOPMENT
942 ## - ADDED ENTRY ELEMENTS (KOHA)
Koha item type Books
Holdings
Withdrawn status Lost status Collection code Home library Current library Shelving location Date acquired Source of acquisition Full call number Accession Number Koha item type
    Reference Main Library Main Library SHELF-17H-PERSONALITY DEVELOPMENT BOOKS 06/03/2013 PURCHASE 100 KRI/F 07452 Books